000 00508nam a2200169Ia 4500
003 LK-CoDNM
008 010623t2005 xxu||||| |||| 00| 1 eng d
040 _aLK-CoDNM
_dLK-CoDNM
_eLK-CoDNM
041 _aeng
080 _a36.011.6
_bTRI
100 _aGunatileke, Neranjan
_eed.
245 _aTringulation squared : Assessing impacts of the poverty impact monitoring unit
260 _bCentre for poverty analysis
_aColombo 07
_c2005
300 _b304, 21 cm
700 _aJafferjee, Azra
_eed.
942 _cBK
999 _c124464
_d124464